[Event "TCh-FRA Top 12 2018"]
[Site "Brest FRA"]
[Date "2018.06.04"]
[Round "10.1"]
[Board "6"]
[White "Le Roux, Jean-Pierre"]
[Black "Steil-Antoni, Fiona"]
[Result "1-0"]
[WhiteTitle "GM"]
[BlackTitle "WIM"]
[WhiteElo "2557"]
[BlackElo "2200"]
[WhiteTeam "BISCHWILLER"]
[BlackTeam "VANDOEUVRE-Echecs"]
[WhiteFideId "609404"]
[BlackFideId "4001249"]
[EventDate "2018.05.26"]

1. d4 d5 2. Nf3 Nf6 3. c4 e6 4. Bg5 Be7 5. e3 O-O 6. Nc3 h6 7. Bh4 b6 8. Bd3
dxc4 9. Bxc4 Bb7 10. O-O Ne4 11. Nxe4 Bxh4 12. Qc2 Nd7 13. Rad1 Be7 14. d5 e5
15. Bb5 Bd6 16. Bc6 Bxc6 17. dxc6 Nc5 18. Nxc5 bxc5 19. Nxe5 Re8 20. Nd7 Qg5 21.
Qc4 Qg6 22. g3 h5 23. Rd5 Re4 24. Qe2 h4 25. Qh5 hxg3 26. hxg3 Qxh5 27. Rxh5 Ra4
28. a3 Ra6 29. Kg2 f6 30. Nxc5 Rxc6 31. Nd3 Rc2 32. Rd1 Bf8 33. Rd5 c5 34. Rc1
Rd2 35. Rc3 a5 36. e4 a4 37. Rc4 Rb8 38. Rxa4 f5 39. exf5 Rbxb2 40. Nxb2 Rxd5
41. g4 Be7 42. Re4 Kf7 43. Nc4 Bf6 44. a4 Rd1 45. f4 Bd4 46. g5 Bc3 47. Re6 1-0

[Event "TCh-FRA Top 12 2018"]
[Site "Brest FRA"]
[Date "2018.06.04"]
[Round "10.1"]
[Board "7"]
[White "Iglesias, Joachim"]
[Black "Pelletier, Yannick"]
[Result "0-1"]
[BlackTitle "GM"]
[WhiteElo "2249"]
[BlackElo "2550"]
[WhiteTeam "VANDOEUVRE-Echecs"]
[BlackTeam "BISCHWILLER"]
[WhiteFideId "637823"]
[BlackFideId "1301837"]
[EventDate "2018.05.26"]

1. d4 d5 2. Nf3 Nf6 3. Bg5 Ne4 4. Bh4 c5 5. c3 Nc6 6. e3 Qb6 7. Qb3 c4 8. Qxb6
axb6 9. Nbd2 Nxd2 10. Nxd2 b5 11. e4 e6 12. Be2 b4 13. Bf3 Ra5 14. Nf1 bxc3 15.
bxc3 Ba3 16. Rb1 Be7 17. Bxe7 Nxe7 18. Ne3 Kd7 19. h4 Kd6 20. Rb2 b5 21. h5 h6
22. e5+ Kc7 23. Be2 Bd7 24. Nc2 Rha8 25. a3 Rf8 26. f4 f6 27. g4 Be8 28. Kd2 Bf7
29. Rg1 Bg8 30. a4 Rxa4 31. Rxb5 fxe5 32. dxe5 Rxf4 33. Rgb1 Ra2 34. Rb7+ Kd8
35. Rxe7 Rxc2+ 36. Kxc2 Bh7+ 37. Kd2 Kxe7 38. Rb7+ Kf8 39. Rb8+ Kf7 40. Rb7+ Kf8
41. Rb8+ Kf7 42. Rb7+ Kg8 43. Rb8+ Rf8 44. Rxf8+ Kxf8 45. Ke3 Ke7 46. Kd4 Kd7
47. Kc5 Bc2 48. Bf3 Kc7 49. Be2 Kb7 50. Bf3 Kc7 51. Be2 g6 52. Bf3 g5 53. Be2
Kb7 54. Bf3 Ka6 55. Bxd5 exd5 56. e6 Kb7 57. e7 Ba4 58. Kxd5 Kc7 59. Kxc4 Kd6
60. Kd4 0-1

[Event "TCh-FRA Top 12 2018"]
[Site "Brest FRA"]
[Date "2018.06.04"]
[Round "10.1"]
[Board "8"]
[White "Maisuradze, Nino"]
[Black "Partac, Elena"]
[Result "1-0"]
[WhiteTitle "WGM"]
[BlackTitle "WGM"]
[WhiteElo "2172"]
[BlackElo "2091"]
[WhiteTeam "BISCHWILLER"]
[BlackTeam "VANDOEUVRE-Echecs"]
[WhiteFideId "13601717"]
[BlackFideId "13901001"]
[EventDate "2018.05.26"]

1. d4 Nf6 2. Bg5 c5 3. d5 Ne4 4. Bc1 e5 5. g3 f5 6. Bg2 Nf6 7. c4 d6 8. Nc3 Be7
9. Nf3 O-O 10. Qc2 Na6 11. a3 Nc7 12. b4 b6 13. O-O Nh5 14. Rd1 f4 15. Qd2 Bf5
16. Nxe5 Bf6 17. Nf3 Qd7 18. Bb2 Rae8 19. Kh1 fxg3 20. fxg3 Bh3 21. Rg1 Qg4 22.
Bxh3 Qxh3 23. Nd1 Bxb2 24. Nxb2 Nf6 25. Rg2 Ne4 26. Qc2 Rf6 27. Nd3 Rh6 28. Kg1
Qf5 29. g4 Qf6 30. Rf1 Ng5 31. Qc1 Nxf3+ 32. Rxf3 Qd4+ 33. Kh1 Rg6 34. g5 a5 35.
bxa5 bxa5 36. Nf4 Qe4 37. Nxg6 Qxg6 38. Qf4 Rb8 39. Rgf2 Rb1+ 40. Kg2 h5 41.
Qf7+ Kh7 42. Qxc7 Qxg5+ 43. Rg3 Qe5 44. Qf7 h4 45. Rg4 1-0

[Event "TCh-FRA Top 12 2018"]
[Site "Brest FRA"]
[Date "2018.06.04"]
[Round "10.2"]
[Board "1"]
[White "Bluebaum, Matthias"]
[Black "Kryvoruchko, Yuriy"]
[Result "1/2-1/2"]
[WhiteTitle "GM"]
[BlackTitle "GM"]
[WhiteElo "2633"]
[BlackElo "2705"]
[WhiteTeam "MULHOUSE Philidor"]
[BlackTeam "GRASSE Echecs"]
[WhiteFideId "24651516"]
[BlackFideId "14109182"]
[EventDate "2018.05.26"]

1. d4 Nf6 2. c4 e6 3. g3 d5 4. Bg2 dxc4 5. Nf3 c5 6. O-O Nc6 7. Qa4 Bd7 8. Qxc4
b5 9. Qc3 b4 10. Qd3 Rc8 11. dxc5 Bxc5 12. Be3 Bxe3 13. Qxe3 Qb6 14. Qxb6 axb6
15. Nbd2 Na5 16. Rfc1 Ke7 17. Kf1 Rhd8 18. Ne5 Bb5 19. Ke1 Nd7 1/2-1/2

[Event "TCh-FRA Top 12 2018"]
[Site "Brest FRA"]
[Date "2018.06.04"]
[Round "10.2"]
[Board "2"]
[White "Kuzubov, Yuriy"]
[Black "Navara, David"]
[Result "0-1"]
[WhiteTitle "GM"]
[BlackTitle "GM"]
[WhiteElo "2663"]
[BlackElo "2727"]
[WhiteTeam "GRASSE Echecs"]
[BlackTeam "MULHOUSE Philidor"]
[WhiteFideId "14112906"]
[BlackFideId "309095"]
[EventDate "2018.05.26"]

1. e4 c5 2. Nf3 d6 3. d4 cxd4 4. Nxd4 Nf6 5. Nc3 a6 6. Be3 Ng4 7. Bc1 Nf6 8. Be3
Ng4 9. Bc1 Nc6 10. Be2 Qb6 11. Bxg4 Bxg4 12. Qxg4 Qxd4 13. O-O e6 14. Bf4 h5 15.
Qe2 Be7 16. Rfd1 Qb4 17. Rab1 Ne5 18. Bxe5 dxe5 19. a3 Qb6 20. Qc4 O-O 21. Na4
Qa5 22. Rd7 b5 23. Qc3 Qxa4 24. Rxe7 Qxe4 25. Re1 Qd4 26. Rxe5 Qxc3 27. bxc3
Rfc8 28. Re3 Rc4 29. Rf3 Rf8 30. Ra7 Ra4 31. c4 b4 32. Rb7 bxa3 33. Rb1 Rc8 34.
Ra1 a2 0-1

[Event "TCh-FRA Top 12 2018"]
[Site "Brest FRA"]
[Date "2018.06.04"]
[Round "10.2"]
[Board "3"]
[White "Heimann, Andreas"]
[Black "Hera, Imre Jr."]
[Result "1/2-1/2"]
[WhiteTitle "GM"]
[BlackTitle "GM"]
[WhiteElo "2589"]
[BlackElo "2620"]
[WhiteTeam "MULHOUSE Philidor"]
[BlackTeam "GRASSE Echecs"]
[WhiteFideId "24624632"]
[BlackFideId "716855"]
[EventDate "2018.05.26"]

1. d4 d5 2. c4 e6 3. Nc3 c6 4. e3 Nf6 5. Nf3 Nbd7 6. Qc2 b6 7. Be2 Bb7 8. O-O
Bd6 9. b3 O-O 10. Bb2 Qe7 11. Rad1 Rac8 12. Rfe1 c5 13. cxd5 cxd4 14. Rxd4 Nxd5
15. Nxd5 Bxd5 16. Qb1 1/2-1/2

[Event "TCh-FRA Top 12 2018"]
[Site "Brest FRA"]
[Date "2018.06.04"]
[Round "10.2"]
[Board "5"]
[White "Istratescu, Andrei"]
[Black "Wirig, Anthony"]
[Result "1/2-1/2"]
[WhiteTitle "GM"]
[BlackTitle "GM"]
[WhiteElo "2589"]
[BlackElo "2504"]
[WhiteTeam "MULHOUSE Philidor"]
[BlackTeam "GRASSE Echecs"]
[WhiteFideId "1200372"]
[BlackFideId "615013"]
[EventDate "2018.05.26"]

1. e4 c6 2. d4 d5 3. Nc3 dxe4 4. Nxe4 Nf6 5. Nxf6+ exf6 6. c3 Bd6 7. Bd3 O-O 8.
Qc2 Re8+ 9. Ne2 f5 10. Bxf5 Bxf5 11. Qxf5 Nd7 12. Be3 Nb6 13. O-O Nc4 14. b3 g6
15. Qf3 Nxe3 16. fxe3 f5 17. Rae1 Re4 18. Ng3 Bxg3 19. Qxg3 Qa5 20. b4 Qd5 21.
Rf4 Rae8 22. Qf2 Qe6 23. Rxe4 Qxe4 24. Qe2 f4 25. Qf3 Qxf3 26. gxf3 fxe3 27. Kf1
a5 28. a3 axb4 29. axb4 Kf7 30. Ke2 Ke6 31. Kd3 Kd6 32. Rxe3 Rf8 33. Ke2 Rf5 34.
Re4 Rh5 35. h4 b5 36. Rf4 Kd5 37. Kd3 Ke6 38. Ke4 Ke7 39. Kd3 Ke6 40. Rg4 Kd6
41. Rf4 1/2-1/2

[Event "TCh-FRA Top 12 2018"]
[Site "Brest FRA"]
[Date "2018.06.04"]
[Round "10.2"]
[Board "6"]
[White "Libiszewski, Fabien"]
[Black "Burri, Quentin"]
[Result "1/2-1/2"]
[WhiteTitle "GM"]
[BlackTitle "FM"]
[WhiteElo "2504"]
[BlackElo "2434"]
[WhiteTeam "GRASSE Echecs"]
[BlackTeam "MULHOUSE Philidor"]
[WhiteFideId "616834"]
[BlackFideId "26028654"]
[EventDate "2018.05.26"]

1. e4 c5 2. Nf3 d6 3. Bb5+ Nd7 4. O-O a6 5. Bd3 Ngf6 6. Re1 e6 7. c3 b5 8. a4
Bb7 9. axb5 axb5 10. Rxa8 Qxa8 11. Bxb5 Bxe4 12. d3 Bc6 13. Na3 Be7 1/2-1/2

[Event "TCh-FRA Top 12 2018"]
[Site "Brest FRA"]
[Date "2018.06.04"]
[Round "10.2"]
[Board "8"]
[White "Navrotescu, Andreea-Cristiana"]
[Black "Haussernot, Cecile"]
[Result "1-0"]
[WhiteTitle "WIM"]
[BlackTitle "WIM"]
[WhiteElo "2175"]
[BlackElo "2189"]
[WhiteTeam "GRASSE Echecs"]
[BlackTeam "MULHOUSE Philidor"]
[WhiteFideId "675946"]
[BlackFideId "601632"]
[EventDate "2018.05.26"]

1. Nf3 Nf6 2. c4 c6 3. b3 d5 4. Bb2 e6 5. g3 Bd6 6. Bg2 O-O 7. O-O Nbd7 8. d4
Ne4 9. Nfd2 f5 10. Nxe4 fxe4 11. Nc3 Nf6 12. e3 Bd7 13. f3 exf3 14. Bxf3 b5 15.
e4 b4 16. e5 bxc3 17. Bxc3 Bc7 18. exf6 Rxf6 19. Qe2 Be8 20. Bg4 Bf7 21. Rae1
Rxf1+ 22. Rxf1 Qe7 23. Kg2 Re8 24. Re1 Kh8 25. Bf3 Qd7 26. Qe3 Bg6 27. Qg5 Bd8
28. Qd2 Qf7 29. Rf1 Qd7 30. Bb4 Bf6 31. Bc5 dxc4 32. bxc4 e5 33. d5 e4 34. Bd1
cxd5 35. Qxd5 Qc7 36. Bd6 Qb6 37. c5 Qa5 38. Kh3 e3 39. Be2 Qd2 40. Qc4 Re4 41.
Qa6 h5 42. Rd1 Qc2 43. Rd5 Bf7 44. Rxh5+ Bxh5 45. Bxh5 e2 46. Qc8+ Bd8 47. Qxd8+
Kh7 48. Qg5 e1=Q 49. Bg6+ Kg8 50. Qd5+ Re6 51. Bxc2 Qf1+ 52. Kh4 Qf6+ 53. Kg4 g6
54. Bb3 1-0

[Event "TCh-FRA Top 12 2018"]
[Site "Brest FRA"]
[Date "2018.06.04"]
[Round "10.3"]
[Board "1"]
[White "Cornette, Deimante"]
[Black "David, Alberto"]
[Result "1/2-1/2"]
[WhiteTitle "IM"]
[BlackTitle "GM"]
[WhiteElo "2461"]
[BlackElo "2563"]
[WhiteTeam "C.E.M.C. Monaco"]
[BlackTeam "Les Tours de Haute Picardie, SAINT QUENTIN"]
[WhiteFideId "12802859"]
[BlackFideId "4000013"]
[EventDate "2018.05.26"]

1. e4 c6 2. d4 d5 3. e5 Bf5 4. h4 h5 5. Bd3 Bxd3 6. Qxd3 Qa5+ 7. Nd2 e6 8. Nf3
Nh6 9. O-O Nf5 10. c4 Be7 11. g3 O-O 12. a3 dxc4 13. Qxc4 Rd8 14. b4 Qd5 15.
Qxd5 Rxd5 16. Nb3 Na6 17. Bb2 Nc7 18. Na5 Rb8 19. Rfd1 Rd7 20. Rac1 Nd5 21. Rd3
Nb6 22. Rb3 a6 23. Rd3 Na4 24. Ba1 c5 25. bxc5 Nxc5 26. Rdd1 Na4 27. Rd3 Bd8 28.
Nb3 Ne7 29. Rdd1 Nc6 30. Nfd2 Be7 31. Rc2 Rbd8 32. f4 Na7 33. Nb1 Nb5 1/2-1/2

[Event "TCh-FRA Top 12 2018"]
[Site "Brest FRA"]
[Date "2018.06.04"]
[Round "10.3"]
[Board "2"]
[White "Godart, Francois"]
[Black "Efimov, Igor"]
[Result "0-1"]
[WhiteTitle "IM"]
[BlackTitle "GM"]
[WhiteElo "2420"]
[BlackElo "2413"]
[WhiteTeam "Les Tours de Haute Picardie, SAINT QUENTIN"]
[BlackTeam "C.E.M.C. Monaco"]
[WhiteFideId "208078"]
[BlackFideId "806404"]
[EventDate "2018.05.26"]

1. d4 Nf6 2. c4 c6 3. Nf3 d5 4. e3 e6 5. Bd3 dxc4 6. Bxc4 a6 7. O-O Nbd7 8. a4
c5 9. Nc3 Qc7 10. Qe2 Bd6 11. dxc5 Bxc5 12. e4 Ng4 13. h3 Nge5 14. Nxe5 Nxe5 15.
Ba2 O-O 16. Bf4 Bd6 17. Rac1 Bd7 18. Be3 Ng6 19. Nd5 Qa5 20. Nb6 Rad8 21. Nc4
Qxa4 22. b3 Qb5 23. Rfd1 Bb8 24. Qd2 h6 25. Nb6 Qe5 26. Nxd7 Qh2+ 27. Kf1 Nf4
28. Bxf4 Bxf4 29. Nf6+ gxf6 30. Qxd8 Rxd8 31. Rxd8+ Kg7 32. Rcc8 f5 33. exf5
Qh1+ 34. Ke2 Qa1 35. Rc2 Qe5+ 36. Kf1 Qxf5 37. Re2 a5 38. Rd1 Qb5 39. Rd4 Bg5
40. Rc4 Qd5 41. Rce4 Qd1+ 42. Re1 Qd3+ 43. R1e2 Bd2 44. g3 Qc2 45. Kg2 Qxa2 46.
Rd4 Qxb3 47. Rexd2 b5 48. R2d3 Qc2 49. Rd7 Qc6+ 50. Kg1 a4 51. Ra7 Qc4 52. Rdd7
e5 53. Kh2 Qa2 54. Kg2 a3 55. Rdb7 Qd5+ 0-1

[Event "TCh-FRA Top 12 2018"]
[Site "Brest FRA"]
[Date "2018.06.04"]
[Round "10.3"]
[Board "4"]
[White "Marcelin, Cyril"]
[Black "Villegas, Pierre"]
[Result "1/2-1/2"]
[WhiteTitle "GM"]
[BlackTitle "FM"]
[WhiteElo "2462"]
[BlackElo "2345"]
[WhiteTeam "Les Tours de Haute Picardie, SAINT QUENTIN"]
[BlackTeam "C.E.M.C. Monaco"]
[WhiteFideId "607274"]
[BlackFideId "654183"]
[EventDate "2018.05.26"]

1. c4 Nf6 2. Nf3 e6 3. b3 d5 4. Bb2 c5 5. e3 Nc6 6. cxd5 exd5 7. Bb5 Bd6 8. d4
cxd4 9. Nxd4 Bd7 10. O-O O-O 11. Nc3 Re8 12. Be2 Rc8 13. Nf3 Bg4 14. h3 Bh5 15.
Nb5 Bb8 16. Bxf6 Qxf6 17. Qxd5 Bxf3 18. Qxf3 Qe5 19. g3 a6 20. Na3 Qc5 21. Nc4
b5 22. Nd2 Ne5 23. Qb7 Qc2 24. Rfd1 1/2-1/2

[Event "TCh-FRA Top 12 2018"]
[Site "Brest FRA"]
[Date "2018.06.04"]
[Round "10.3"]
[Board "5"]
[White "Dornbusch, Tatiana"]
[Black "Colin, Vincent"]
[Result "0-1"]
[WhiteTitle "WGM"]
[BlackTitle "IM"]
[WhiteElo "2290"]
[BlackElo "2386"]
[WhiteTeam "C.E.M.C. Monaco"]
[BlackTeam "Les Tours de Haute Picardie, SAINT QUENTIN"]
[WhiteFideId "14107449"]
[BlackFideId "612324"]
[EventDate "2018.05.26"]

1. d4 d6 2. Nf3 g6 3. g3 Bg7 4. Bg2 Nd7 5. d5 Ngf6 6. O-O O-O 7. Nd4 a5 8. Nc3
Nc5 9. Bg5 h6 10. Bf4 Kh7 11. Nb3 Nfd7 12. Be3 e5 13. dxe6 Nxe6 14. Nd4 Nec5 15.
Nb3 Ne6 16. Nd4 Ndc5 17. Nxe6 Nxe6 18. Na4 f5 19. c4 f4 20. Bd2 Bd7 21. Nc3 Bc6
22. Bd5 Qd7 23. f3 Be5 24. Kg2 Ng5 25. g4 h5 26. h4 Ne6 27. g5 Ng7 28. Rh1 Nf5
29. Qc1 Ng3 30. Re1 Rae8 31. e4 fxe3 32. Bxe3 Rxf3 33. Bxf3 Bxf3+ 34. Kxf3 Qg4+
35. Kf2 Rf8+ 36. Bf4 Rxf4+ 37. Qxf4 Qxf4+ 38. Kg2 Nf5 39. Ne4 Nxh4+ 40. Kg1 Qh2+ 0-1

[Event "TCh-FRA Top 12 2018"]
[Site "Brest FRA"]
[Date "2018.06.04"]
[Round "10.3"]
[Board "6"]
[White "Chabanon, Jean-Luc"]
[Black "Ribbegren, Karl Johan"]
[Result "1/2-1/2"]
[WhiteTitle "GM"]
[WhiteElo "2450"]
[BlackElo "2222"]
[WhiteTeam "Les Tours de Haute Picardie, SAINT QUENTIN"]
[BlackTeam "C.E.M.C. Monaco"]
[WhiteFideId "600075"]
[BlackFideId "5400040"]
[EventDate "2018.05.26"]

1. d4 Nf6 2. Nf3 c5 3. d5 e6 4. Nc3 b5 5. Bg5 b4 6. Ne4 Bb7 7. c4 Be7 8. Nxf6+
Bxf6 9. Qd2 Bxg5 10. Nxg5 O-O 11. g3 exd5 12. Bg2 d6 13. Bxd5 Bxd5 14. Qxd5 Nd7
15. Ne4 Nb6 16. Qxd6 Qe8 17. Qf4 f5 18. Nd2 Rd8 19. Nb3 a5 20. O-O Qxe2 21. Nxc5
Rc8 22. Nb3 a4 23. Nd4 Qxc4 24. b3 Qf7 25. Qd6 Nd5 26. Ne6 Rfe8 27. Qxd5 Qxe6
28. Qa5 axb3 29. axb3 Qxb3 30. Rab1 Qf7 31. Rxb4 Rb8 32. Rxb8 Rxb8 33. Rd1 1/2-1/2

[Event "TCh-FRA Top 12 2018"]
[Site "Brest FRA"]
[Date "2018.06.04"]
[Round "10.3"]
[Board "7"]
[White "Nelis, Jean-Francois"]
[Black "Geenen, Marc"]
[Result "1/2-1/2"]
[BlackTitle "FM"]
[WhiteElo "2141"]
[BlackElo "2238"]
[WhiteTeam "C.E.M.C. Monaco"]
[BlackTeam "Les Tours de Haute Picardie, SAINT QUENTIN"]
[WhiteFideId "623830"]
[BlackFideId "200085"]
[EventDate "2018.05.26"]

1. c4 e5 2. Nc3 Nf6 3. g3 c6 4. d4 exd4 5. Qxd4 d5 6. Bg2 Be6 7. cxd5 cxd5 8.
Nf3 Nc6 9. Qa4 Bc5 10. O-O O-O 11. Bg5 h6 12. Bxf6 Qxf6 13. Ne1 Rfd8 14. Nd3 Bb6
15. Rad1 d4 16. Ne4 Qe7 17. Rc1 Bd5 18. Nec5 Bxg2 19. Kxg2 Ne5 20. Rc2 Bxc5 21.
Nxc5 b6 22. Nd3 Qb7+ 23. Kg1 Nxd3 24. exd3 Qf3 25. Rd2 h5 26. h4 f5 27. Qd1 1/2-1/2

[Event "TCh-FRA Top 12 2018"]
[Site "Brest FRA"]
[Date "2018.06.04"]
[Round "10.3"]
[Board "8"]
[White "Bolon, Karelle"]
[Black "Meylan, Andre"]
[Result "1-0"]
[WhiteTitle "WFM"]
[WhiteElo "1994"]
[BlackElo "2179"]
[WhiteTeam "Les Tours de Haute Picardie, SAINT QUENTIN"]
[BlackTeam "C.E.M.C. Monaco"]
[WhiteFideId "634514"]
[BlackFideId "1301225"]
[EventDate "2018.05.26"]

1. e4 e6 2. d4 d5 3. exd5 exd5 4. Nf3 Bd6 5. c4 Nf6 6. Nc3 dxc4 7. Bxc4 O-O 8.
O-O Nbd7 9. Re1 Nb6 10. Bb3 Bg4 11. h3 Bh5 12. g4 Bg6 13. Ne5 c5 14. Nxg6 hxg6
15. d5 c4 16. Bc2 Nfxd5 17. Nxd5 Nxd5 18. Bxg6 Bc5 19. Be4 Qh4 20. Qf3 Nb4 21.
Be3 Bxe3 22. Rxe3 Rab8 23. a3 Nc6 24. Rd1 Ne5 25. Qf5 Rbe8 26. Bd5 g6 27. Qf4
Nd3 28. Rdxd3 cxd3 29. Rxe8 Qh7 30. Rxf8+ Kxf8 31. Qb8+ Kg7 32. Qe5+ Kf8 33. Qe3
d2 34. Qxd2 Qxh3 35. Qb4+ Kg8 36. Qe4 Kf8 37. Bxb7 a5 38. Qf3 Qh6 39. Bd5 Qc1+
40. Kg2 f5 41. Kg3 1-0

[Event "TCh-FRA Top 12 2018"]
[Site "Brest FRA"]
[Date "2018.06.04"]
[Round "10.4"]
[Board "1"]
[White "Fedorchuk, Sergey A."]
[Black "Malakhov, Vladimir"]
[Result "1/2-1/2"]
[WhiteTitle "GM"]
[BlackTitle "GM"]
[WhiteElo "2637"]
[BlackElo "2691"]
[WhiteTeam "Evry Grand Roque"]
[BlackTeam "Tremblay en France"]
[WhiteFideId "14102536"]
[BlackFideId "4120787"]
[EventDate "2018.05.26"]

1. e4 e5 2. Nf3 Nc6 3. Bb5 Nf6 4. O-O Nxe4 5. d4 Nd6 6. Bxc6 dxc6 7. dxe5 Nf5 8.
Qxd8+ Kxd8 9. Nc3 Ke8 10. h3 h5 11. Bf4 Be7 12. Rad1 Be6 13. Ng5 Rh6 14. g3 Bxg5
15. Bxg5 Rg6 16. Bf4 Nh4 17. Kh2 Nf3+ 18. Kg2 Nh4+ 19. Kh2 Nf3+ 1/2-1/2

[Event "TCh-FRA Top 12 2018"]
[Site "Brest FRA"]
[Date "2018.06.04"]
[Round "10.4"]
[Board "3"]
[White "Moussard, Jules"]
[Black "Piorun, Kacper"]
[Result "1/2-1/2"]
[WhiteTitle "GM"]
[BlackTitle "GM"]
[WhiteElo "2570"]
[BlackElo "2633"]
[WhiteTeam "Evry Grand Roque"]
[BlackTeam "Tremblay en France"]
[WhiteFideId "642908"]
[BlackFideId "1130420"]
[EventDate "2018.05.26"]

1. e4 e5 2. Bc4 Nf6 3. d3 Nc6 4. Nf3 Be7 5. O-O O-O 6. h3 d6 7. a4 Na5 8. Nc3
Nxc4 9. dxc4 a5 10. Qe2 c6 11. Rd1 Qc7 12. b3 Nd7 13. Be3 Nc5 14. Rd2 Ne6 15.
Rad1 g6 16. Bh6 Re8 17. Qe3 Nd8 18. Nh2 f6 19. f4 Kh8 20. Rf2 exf4 21. Bxf4 b6
22. Bg3 Nf7 23. Ne2 Ne5 24. Nd4 Bd7 25. Rdf1 Rf8 26. h4 Rf7 27. h5 Rg8 28. hxg6
Rxg6 29. Bh4 Qd8 30. Kh1 Qf8 31. Nf5 Bd8 32. Rd2 Bc7 33. Rfd1 Bxf5 34. exf5 Rg8
35. Rd4 Qg7 36. Qh3 Qh6 37. Ng4 Qg7 38. Nxe5 fxe5 39. f6 Qg6 40. R4d3 Qg4 41.
Rf1 1/2-1/2

[Event "TCh-FRA Top 12 2018"]
[Site "Brest FRA"]
[Date "2018.06.04"]
[Round "10.4"]
[Board "4"]
[White "Flom, Gabriel"]
[Black "Milliet, Sophie"]
[Result "1-0"]
[WhiteTitle "IM"]
[BlackTitle "IM"]
[WhiteElo "2501"]
[BlackElo "2391"]
[WhiteTeam "Tremblay en France"]
[BlackTeam "Evry Grand Roque"]
[WhiteFideId "621650"]
[BlackFideId "623725"]
[EventDate "2018.05.26"]

1. d4 Nf6 2. Bg5 d5 3. e3 c5 4. Bxf6 gxf6 5. dxc5 Nc6 6. c3 e6 7. b4 a5 8. Bb5
Bg7 9. a3 O-O 10. Bxc6 bxc6 11. Ne2 f5 12. Ra2 Qf6 13. O-O Ba6 14. f4 Bc4 15.
Rd2 Ra7 16. Rf2 Bxe2 17. Rdxe2 Rfa8 18. Qb3 Qe7 19. g3 Qb7 20. Ra2 axb4 21. cxb4
d4 22. Rad2 Rd8 23. Kg2 Qa8 24. Qd3 Rad7 25. e4 fxe4 26. Qxe4 Qa4 27. Rd3 Rd5
28. Nd2 Qa6 29. Nf3 h6 30. Qe2 Qc4 31. Nd2 Qc1 32. Qf1 Qxf1+ 33. Rxf1 f6 34. f5
e5 35. Ne4 h5 36. a4 Ra8 37. Ra1 Kf7 38. Kf3 Bf8 39. Ke2 Rd7 40. Rb3 Rda7 41. a5
Ra6 42. Kd3 Rb8 43. Kc4 Rb5 44. g4 hxg4 45. h3 Be7 46. hxg4 Rb8 47. Rh3 Rf8 48.
Rh7+ Ke8 49. b5 cxb5+ 50. Kxb5 Ra7 51. a6 Kd8 52. Kb6 Bxc5+ 53. Nxc5 Rxh7 54.
Ne6+ 1-0

[Event "TCh-FRA Top 12 2018"]
[Site "Brest FRA"]
[Date "2018.06.04"]
[Round "10.4"]
[Board "5"]
[White "Brochet, Philippe"]
[Black "Bellaiche, Anthony"]
[Result "0-1"]
[WhiteTitle "IM"]
[BlackTitle "IM"]
[WhiteElo "2409"]
[BlackElo "2459"]
[WhiteTeam "Evry Grand Roque"]
[BlackTeam "Tremblay en France"]
[WhiteFideId "602469"]
[BlackFideId "615668"]
[EventDate "2018.05.26"]

1. c4 Nf6 2. Nf3 e6 3. Nc3 d5 4. e3 Be7 5. b3 O-O 6. Bb2 c5 7. cxd5 exd5 8. d4
Nc6 9. Be2 Be6 10. O-O Rc8 11. dxc5 Bxc5 12. Rc1 Qe7 13. Ng5 a6 14. Qc2 Ne5 15.
Nxe6 Qxe6 16. Rfd1 Rfd8 17. Qd2 b5 18. Nb1 Ne4 19. Qe1 Qf5 20. a4 bxa4 21. Bxa6
Rc6 22. Bxe5 Qxe5 23. Bd3 Nxf2 24. Kxf2 Qf4+ 25. Kg1 Bxe3+ 26. Kh1 Rxc1 0-1

[Event "TCh-FRA Top 12 2018"]
[Site "Brest FRA"]
[Date "2018.06.04"]
[Round "10.4"]
[Board "6"]
[White "Bellahcene, Bilel"]
[Black "Oratovsky, Michael"]
[Result "1/2-1/2"]
[WhiteTitle "GM"]
[BlackTitle "GM"]
[WhiteElo "2488"]
[BlackElo "2456"]
[WhiteTeam "Tremblay en France"]
[BlackTeam "Evry Grand Roque"]
[WhiteFideId "696358"]
[BlackFideId "2802090"]
[EventDate "2018.05.26"]

1. e4 c5 2. Nf3 e6 3. d4 cxd4 4. Nxd4 a6 5. c4 Nf6 6. Nc3 Bb4 7. Qd3 O-O 8. e5
Ne8 9. Be2 Qc7 10. Nc2 Nc6 11. Nxb4 Nxb4 12. Qd2 Qxe5 13. b3 d5 14. O-O dxc4 15.
bxc4 Nf6 16. Ba3 a5 17. Bb2 Qf5 18. Nb5 Ne4 19. Qd4 f6 20. Rad1 e5 21. Qe3 Qf4
22. Qxf4 exf4 23. a3 Na6 24. Bf3 Bf5 25. Nd6 Nxd6 26. Rxd6 Rab8 27. Bc1 g5 28.
Bb2 Kg7 29. g3 g4 30. Bd5 Nc5 31. f3 b5 32. fxg4 bxc4 33. Bd4 Ne4 34. Bxe4 Bxe4
35. Rxf4 Rb1+ 36. Kf2 Bd3 37. g5 Rf1+ 38. Kg2 Rxf4 39. gxf4 Kg6 40. Kf3 Kf5 41.
Bxf6 Be4+ 42. Ke3 a4 43. Ra6 Bc2 44. h3 Re8+ 45. Be5 Re6 46. Ra7 h6 47. Rf7+ Kg6
48. Rg7+ Kf5 49. h4 h5 50. Rc7 Bd3 51. Kf3 Be4+ 52. Ke3 Bd3 53. Kd4 Kg4 54. Rf7
Rc6 55. Rf8 Kxh4 56. Kd5 Ra6 57. Rf6 Rxf6 58. gxf6 Bg6 59. Kxc4 Kg4 60. f5 Kxf5
61. Kd4 1/2-1/2

[Event "TCh-FRA Top 12 2018"]
[Site "Brest FRA"]
[Date "2018.06.04"]
[Round "10.4"]
[Board "7"]
[White "Relange, Eloi"]
[Black "Shchekachev, Andrei"]
[Result "1/2-1/2"]
[WhiteTitle "GM"]
[BlackTitle "GM"]
[WhiteElo "2455"]
[BlackElo "2540"]
[WhiteTeam "Evry Grand Roque"]
[BlackTeam "Tremblay en France"]
[WhiteFideId "600822"]
[BlackFideId "4107730"]
[EventDate "2018.05.26"]

1. d4 Nf6 2. Nf3 e6 3. c4 Bb4+ 4. Bd2 Qe7 5. g3 Bxd2+ 6. Qxd2 Nc6 7. b3 Ne4 8.
Qb2 O-O 9. Bg2 f5 10. O-O d6 11. b4 1/2-1/2